| 000 | 01077nam a2200265 a 4500 | ||
|---|---|---|---|
| 001 | 000009157 | ||
| 005 | 20241130074012.0 | ||
| 008 | 090928s2001 dr a 000 p spa d | ||
| 020 | _a9993482722 | ||
| 040 |
_aDO-SdBNP _bspa _cBNPHU |
||
| 082 |
_aRD861.4 _bB253s |
||
| 100 | 1 |
_aBarinas Coiscou, Sócrates, _d1916-2021 _924379 |
|
| 245 | 1 | 4 |
_aLos sonetos de la teosofía, medallones místicos y fragmentos de los arqueros de la esperanza / _cSocrates Barinas Coiscou; edición Domingo Peña Nina; prólogo Odalís G. Pérez. |
| 260 |
_aSanto Domingo : _bA. Muñoz, _c2001. |
||
| 300 |
_a91 p. ; : _bil. ; _c21 cm. |
||
| 500 | _aIncluye datos biográficos del autor en las páginas 85-87. | ||
| 590 | _aLa biblioteca posee 1 ejemplar autografíado por el autor. | ||
| 590 | _aInventariado, 2018/VM | ||
| 650 | 0 |
_aPoesía dominicana _966 |
|
| 650 | 4 |
_aSonetos dominicanos _910208 |
|
| 650 | 0 |
_aLiteratura dominicana. _967 |
|
| 700 | 1 | 2 |
_aPeña Nina, Domingo, _d1970- _eed. _923827 |
| 700 | 1 | 2 |
_aPérez, Odalís _d1952- _epról. _923828 |
| 910 | _aValidado. Control de calidad MFF | ||
| 999 |
_c8921 _d8921 |
||